00333 a2200145 450000100060000002000150000604000240002110000300004524000310007524500260010630000070013236200090013944000080014865000310015670826 a8532256724 cAnchieta - Itaigara aCruz, Therezinha M. L. da10aAmigos de todos jeitolpor10aAmigos de todos jeito a310 a2005 1aFTD 4aLiteratura infanto-juvenil